| 000 | 00846nam a2200241Ia 4500 | ||
|---|---|---|---|
| 003 | GCL | ||
| 008 | 140319s9999 xx 000 0 ara d | ||
| 040 |
_aGCL / _cGCL |
||
| 082 | 0 | 4 |
_a910.41 _bع ى |
| 100 | 1 | _aعبدالرحمن عبدالله الشيخ | |
| 245 | 1 | 0 |
_aيوميات رحلة فاسكو داجاما وتقرير رحلة دوزسانتوس / _cعبدالرحمن عبدالله الشيخ |
| 260 |
_a[S.N] : _bالهيئة المصرية العامة للكتاب ، _c1995 |
||
| 300 | _a115 ص | ||
| 490 |
_aالالف كتاب الثانى _v0 |
||
| 650 | 0 | 4 | _aافريقيا |
| 650 | 0 | 4 | _aالهند |
| 650 | 0 | 4 | _aوصف ورحلات |
| 650 | 0 | 4 | _aفاسكو داجاما |
| 650 | 0 | 4 | _aموزمبيق |
| 650 | 0 | 4 | _aراس الرجاء الصالح |
| 650 | 0 | 4 | _aالكشوف الجغرافية |
| 942 |
_2ddc _cBK |
||
| 999 |
_c37129 _d37129 |
||